000 00600nam a2200157Ia 4500
008 151213s9999 xx 000 0 und d
020 _a984-455-479-2
100 _aবেগম রাজিয়া হোসেইুন।
245 _aপাথরের চোখে জল।
_cবেগম রাজিয়া হোসেইুন।
260 _aঢাকা
_bশিল্পতরু প্রকাশনী ।
_c2010
300 _a8487 p.
650 _aBangla
650 _aBengali Literature
700 _aবেগম রাজিয়া হোসেইুন।
999 _c4324
_d4324